00986nam a22002417a 4500003000900000005001700009008004000026020001500066040002300081041001300104082001500117100002400132245011900156260003700275300002800312490003700340504004200377505021000419650002000629650002300649650005500672650001700727AR-CdUEA20220326193254.0100302s2001 sp||||| |||zz00| 0 spad  a8446013290 aAR-CdUEAcAR-CdUEA1 aspaheng a707bF754r1 aFoster, Hal,d1955-13aEl retorno de lo real :bla vanguardia a finales de siglo /cHal Foster ; traducción de Alfredo Brotons Muñoz. aMadrid :bEdiciones Akal,c2001. a234 p. :bil. ;c27 cm.0 aAkal. Arte contemporáneo :v8. aIncluye referencias bibliográficas.0 aQuién teme a la neovanguardia?. El quid del minimalismo. La pasión del signo. El arte de la razón cínica. El retorno de lo real. El artista como etnógrafo. ¿Y qué pasó con la posmodernidad?.17aCRITICA DE ARTE17aARTE DE VANGUARDIA17xestetica-artexarte-criticaxarte-historia ys. XX17aARTE MODERNO